000 00833cab a2200229 4500
001 WB2822-80
008 090401t1992 xxu||||| |||| 00| 0 eng d
035 _a(Sirsi) u26904
041 _aeng
100 _aDay, P.
245 _aEasing the burden
260 _c1992
350 _a0
490 _aCS Monthly : Rural Practice
_v1(9) June 1992, 3(1)
520 _aDiscusses the Baird case (Abs44344) which gave cause for concern to the families of agricultural tenants, faced with the prospect of substantial assessments to inheritance tax on the value of the farm tenancy, notwithstanding a total inability to realise the value.
650 _aPROPERTY-LANDLORD AND TENANT-TENANCIES-AGRICULTURAL TENANCIES
650 _aBAIRD CASE
650 _aINHERITANCE TAX
690 _aTAXATION
942 _n0
948 _c04/03/1997
999 _c18124
_d18124